| 000 -LEADER | |
|---|---|
| fixed length control field | 00376nam a22001577a 4500 |
| 005 - DATE AND TIME OF LATEST TRANSACTION | |
| control field | 20200125112728.0 |
| 008 - FIXED-LENGTH DATA ELEMENTS--GENERAL INFORMATION | |
| fixed length control field | 200124b xxu||||| |||| 00| 0 eng d |
| 020 ## - INTERNATIONAL STANDARD BOOK NUMBER | |
| ISBN | 9788175157927 |
| 041 ## - LANGUAGE CODE | |
| Language code of text/sound track or separate title | Hin |
| 082 ## - DEWEY DECIMAL CLASSIFICATION NUMBER | |
| Classification number | 8H3 |
| 100 ## - MAIN ENTRY--AUTHOR NAME | |
| Personal name | MAHAJAN Dr. ASHOK |
| 245 ## - TITLE STATEMENT | |
| Title | SHAYAWALA |
| Statement of responsibility, etc | Dr.ASHOK MAHAJAN |
| 260 ## - PUBLICATION, DISTRIBUTION, ETC. (IMPRINT) | |
| Place of publication | NEW DELHI |
| Name of publisher | GALGOTIA PUBLICATION |
| 300 ## - PHYSICAL DESCRIPTION | |
| Number of Pages | 251 |
| 942 ## - ADDED ENTRY ELEMENTS (KOHA) | |
| Koha item type | Books |
| Lost status | Damaged status | Home library | Current library | Date acquired | Source of acquisition | Cost, normal purchase price | Full call number | Accession Number | Koha item type |
|---|---|---|---|---|---|---|---|---|---|
| JRU Library | 23/01/2020 | PURCHASE | 920.00 | 8H3 | 23592 | Books |